Elogio de la belleza atlética (Registro nro. 301744)

Detalles MARC
000 -ENCABEZADO
Número de control [NR] 01011cam a2200301Ia 4500
005 - FECHA Y HORA DE LA ÚLTIMA TRANSACCIÓN
control field 20151020075610.0
008 - DE LONGITUD FIJA DE DATOS DE ELEMENTOS - INFORMACIÓN GENERAL
Elementos de longitud fija [NR] 151020s2006 ag fr 001 0 spa d
020 ## - NUMERO INTERNACIONAL NORMALIZADO PARA LIBROS [R]
Número Internacional Normalizado del libro [NR] 9871283067
020 ## - NUMERO INTERNACIONAL NORMALIZADO PARA LIBROS [R]
Número Internacional Normalizado del libro [NR] 8460983579
035 ## - NUMERO DE CONTROL DEL SISTEMA [R]
Número de control del sistema [NR] (OCoLC)706772237
040 ## - FUENTE DE CATALOGACION [NR]
Agencia de catalogación original [NR] Co-BoUCM
Idioma de catalogación [NR] spa
Quien Cataloga Luz Cupitra
Quien Clasifica Luz Cupitra
041 1# - CODIGO DE IDIOMA [R]
Código de idioma para texto/pista de sonido o título separado [R] Español
Language code of original and/or intermediate translations of text eng
100 1# - ASIENTO PRINCIPAL--NOMBRE PERSONAL [NR]
Nombre personal [NR] Gumbrecht, Hans Ulrich
ID Autoridad 72543
Fechas asociadas con el nombre [NR] 1948-
240 10 - TITULO UNIFORME [NR]
Título uniforme [NR] <a href="In praise of athletic beauty">In praise of athletic beauty</a>
Idioma de una obra [NR] Español.
245 10 - MENCION DE TITULO [NR]
Título [NR] Elogio de la belleza atlética
Mención de responsabilidad, etc. [NR] Hans Ulrich Gumbrecht ; traducido por Aldo Mazzucchelli
260 ## - PUBLICACION, DISTRIBUCION, ETC. (PIE DE IMPRENTA) [R]
Lugar de publicación, distribución, etc. [R] Buenos Aires (Argentina)
Nombre del editor, distribuidor, etc. [R] Katz
Fecha de publicación, distribución, etc. [R] 2006
300 ## - DESCRIPCION FISICA [R]
Extensión [R] 285 páginas
490 #0 - MENCION DE SERIE [R]
Mención de serie [R] Difusión
Designación numérica/secuencial del volumen [NR] 1002
500 ## - NOTA GENERAL [R]
Nota general [NR] Incluye índice
650 #7 - ASIENTO SECUNDARIO DE MATERIA - TERMINO TEMATICO [R]
Término temático o nombre geográfico como elemento de entrada [NR] Filosofía del deporte
9 (RLIN) 15791
650 ## - ASIENTO SECUNDARIO DE MATERIA - TERMINO TEMATICO [R]
Término temático o nombre geográfico como elemento de entrada [NR] Estética
9 (RLIN) 15073
650 #4 - ASIENTO SECUNDARIO DE MATERIA - TERMINO TEMATICO [R]
Término temático o nombre geográfico como elemento de entrada [NR] Deportes
Subdivisión general [R] Espectadores
9 (RLIN) 72545
690 ## - ASUNTO AGREGADO LOCAL DE ENTRADA - TÉRMINO TEMÁTICO (OCLC, RLIN)
9 (RLIN) 42762
Acceso temático local Deportes
700 1# - ASIENTO SECUNDARIO - NOMBRE PERSONAL [R]
Nombre personal [NR] Mazzucchelli, Aldo
9 (RLIN) 72546
765 ## - ASIENTO DE IDIOMA ORIGINAL [R]
Título [NR] In praise of athletic beauty
942 ## - ELEMENTOS DE ENTRADA AGREGADOS (KOHA)
Sistema de clasificación DEWEY
Tema principal Entretenimiento
Tipo de ítem principal el descrito en 300a Libro
Edición 1
Clasificación 796.01
Parte restante de la signatura top. G974el
Existencias
Total préstamos Signatura topográfica Código de barras Última vez visto Ejemplar Costo de reposición Price effective from Tipo de ítem Perdido Sistema de clasificación Dañado No prestable Tipo de ítem específico Suprimido Ubicación habitual Ubicación actual Localización Fecha de creación Proveedor Forma de adquisición Costo
  796.01 G974el 100147938 06/12/2025 Ej.1 41650.00 02/10/2015 Libro   DEWEY     Libro   Claustro Claustro 2do piso 02/10/2015 10 Compra 41650.00